[Event "RUS-chT 19th"]
[Site "Sochi"]
[Date "2012.04.15"]
[Round "7"]
[White "Dobrov, Vladimir"]
[Black "Timofeev, Artyom"]
[Result "1-0"]
[WhiteElo "2492"]
[BlackElo "2650"]
[Annotator "Ftacnik,L"]
[PlyCount "77"]
[EventDate "2012.04.09"]
[EventType "team-swiss"]
[EventRounds "7"]
[EventCountry "RUS"]
[SourceTitle "CBM 148"]
[Source "ChessBase"]
[SourceDate "2012.05.16"]
[SourceVersion "1"]
[SourceVersionDate "2012.05.16"]
[SourceQuality "1"]
[WhiteTeam "Moscow Orienta"]
[BlackTeam "Kazan Nezhmetdinov CS"]
[WhiteTeamCountry "RUS"]
[BlackTeamCountry "RUS"]

1. d4 Nf6 2. c4 g6 3. Nc3 d5 4. cxd5 Nxd5 5. e4 Nxc3 6. bxc3 Bg7 7. Nf3 c5 8.
Rb1 O-O 9. Be2 b6 10. O-O Bb7 11. d5 $5 Bxc3 12. Bc4 {The daring sacrifice of
the c3-pawn has become a major theme. White sports healthy compensation and
this adversary must play very carefully in order not to underestimate his
initiative.} Bg7 {The line with 12...Nd7 is very important for understanding
the possibilities of both sides. Players are still searching for best ways to
treat the position with both colours.} (12... Nd7 13. Bf4 Bg7 14. Re1 (14. Qe2
Nf6 (14... Kh8 15. Rfd1 f6 16. a4 h6 17. Nh4 Qe8 18. Qg4 g5 19. Nf5 Ne5 20.
Nxg7 Kxg7 21. Bxe5 fxe5 22. Qe6 Rf6 23. Qxe5 Qb8 24. d6 exd6 25. Qe7+ Kg6 26.
e5 $18 {1-0 Ehlvest,J (2595)-Nechepurenko,R (2510)/Khanty-Mansiysk 2009 (31)})
15. Rfd1 Qd7 16. h3 (16. Ne5 Qa4 17. h3 $14) 16... Rad8 17. Ne5 Qc8 18. Bb5 e6
19. Nc6 Bxc6 20. Bxc6 exd5 21. exd5 Qf5 22. Qf3 Ne4 23. Bc7 Qxf3 24. gxf3 Nc3
25. d6 Rxd6 26. Rxd6 Nxb1 $17 {0-1 Nakamura,H (2704)-Mamedyarov,S (2731)/
Dresden 2008 (61)}) 14... Nf6 (14... Qc8 $5 15. Qd3) 15. Qb3 $5 (15. h3 Ne8 (
15... Qc8 $13) 16. a4 (16. e5 Nc7 17. d6 exd6 18. exd6 Ne6 19. Bxe6 fxe6 $17)
16... Nd6 17. Ba2 Rc8 18. e5 Nf5 19. Bc4 Kh8 $1 (19... Nd4 $6 20. Nxd4 cxd4 21.
Qxd4 Qd7 $6 (21... Rc5 22. Rbd1 Qa8 $13) 22. Bb3 Rfd8 23. Rbd1 Rc5 24. Bd2 a5
25. Bc1 Qc7 (25... Bxd5 26. Ba3 Bxb3 27. Qxd7 Rxd7 28. Rxd7 $18) 26. Ba3 Rc3
27. Rc1 Rxc1 (27... Bxe5 28. Rxc3 Qxc3 29. Qxe5 Qxb3 30. Bb2 f6 31. Qe6+ Kh8
32. Qxe7 $18) 28. Rxc1 Qxe5 29. Qxb6 Rd7 30. Qxa5 $18 {1-0 Beliavsky,A (2620)
-Ruck,R (2450)/Hungary 1997 (37)}) 20. g4 (20. a5 f6) 20... Nd4 21. Nxd4 cxd4
22. Qxd4 Qd7 23. Ba2 Rc5 24. Bd2 Rd8 25. Bb4 Rc7 26. d6 (26. Red1 $1 $15) 26...
exd6 27. Bxd6 Rc2 28. Bd5 Qxd6 29. exd6 Bxd4 {0-1 Jagodzinski,A-Ruck,R/Gyula//
1998/ (29)}) 15... Nh5 $5 (15... Ne8 16. e5 Nc7 (16... b5 17. Qxb5 Bxd5 18.
Red1 $1 (18. Bxd5 Nc7 $5) 18... Nc7 (18... e6 19. Bxd5 exd5 (19... Nc7 $2 20.
Bxa8) 20. Qxc5 Nc7 21. Qd6 $16) 19. Qxc5 e6 20. Rbc1 $1 $16) 17. d6 exd6 18.
exd6 Ne6 19. Bxe6 fxe6 20. Qxe6+ Kh8 21. Bg5 Bf6 22. Bh6 $16 {1-0 Krasenkow,M 
(2655)-Mikhalevski,V (2523)/Ohrid 2001 (35)}) 16. Bd2 Nf6 17. Rbd1 $14) 13. Bf4
{Dobrov refuses to become concerned about the opponent's idea of exchanging
the light-squared bishops. With sensible moves he can relay on promising piece
play and sufficient pressure for the missing material.} (13. Qe2 Qc8 14. Bg5
Re8 15. e5 Ba6 16. Rfe1 Bxc4 17. Qxc4 e6 18. d6 Nd7 19. Qh4 h5 20. Qf4 Qc6 21.
Rbd1 c4 22. Be7 b5 23. Ng5 $16 {0-1 Flumbort,A (2530)-Rodriguez Lopez,R (2266)/
Budapest 2012 (38)}) (13. Qd3 Qc8 (13... Qc7 $6 14. Bg5 Bf6 15. Rbd1 Bxg5 16.
Nxg5 Qc8 17. f4 Ba6 18. Bxa6 Nxa6 19. f5 h6 20. Nh3 Kh7 21. fxg6+ {1-0 Papenin,
N-Ermolaev,A/Kiev 2000/ (21)}) 14. Bg5 Re8 15. e5 Ba6 16. Rbd1 $1 Bxc4 17. Qxc4
Qa6 (17... Nd7 $5 {Haba,P}) 18. Qh4 Qb7 (18... Qxa2 $5 19. Bxe7 Nd7 20. Rfe1
$44) 19. Bh6 $1 Nd7 20. e6 fxe6 21. Ng5 $1 Nf8 22. dxe6 Bxh6 23. Qxh6 Red8 24.
f4 Rxd1 25. Rxd1 c4 26. f5 gxf5 27. Qh5 $14 {0-1 Haba,P-Banas,J/Osterreich/
1997/ (43)}) 13... Qc8 {Timofeev believes that it is important to support the
move Ba6 with his queen.} (13... Ba6 14. Qe2 Qc8 15. e5 Bxc4 16. Qxc4 e6 (16...
Qa6 17. Rb5) 17. d6 (17. Rbd1 exd5 18. Rxd5 Nc6 19. Rd6 Nd4 20. Nxd4 cxd4 21.
Qxd4 Qa6 22. Qd5 $11 {1-0 Williams,P (2132)-Kirby,P (2031)/Grand Havre Bay
2010 (51)}) 17... Nc6 18. Rbd1 Qd7 19. Rfe1 Rae8 20. Bg5 f6 21. exf6 {1/2-1/2
Gelfand,B-Mikhalchishin,A/Portoroz/ 2001/ (21)} Bxf6 22. Bxf6 (22. Qh4 $6 Bg7)
22... Rxf6 $13) 14. Re1 Ba6 15. Ne5 $2 {The knight move to the e5-square is
too controversial. The simple continuation with 15.Qa4 promised White good
compensation.} (15. Qa4 Bxc4 16. Qxc4 Na6 17. h4 $14) 15... Bxe5 16. Bxa6 Qxa6
17. Bxe5 Nd7 18. Ba1 (18. Bc3 Qxa2 19. Qd3 f6 20. Qh3 Ne5 $15) 18... Qxa2 19.
f4 {White is now condemned to succeed with the kingside attack. In the
opposite case his chances of survival would be rather modest.} Rad8 20. Rb2 Qa5
21. Rb3 e6 $6 {Even very good players are unsure, when they have to defend
under attack. It was better to wait with opening of the centre for a more
suitable moment.} (21... b5 $1 22. Rh3 Nf6 23. Qc1 c4 24. Bd4 Qc7 25. f5 e5 26.
fxe6 fxe6 27. Qb2 Nxe4 28. Rxe4 Rxd5 $17) 22. Rh3 Rfe8 (22... exd5 $2 23. Bc3
Qa3 (23... Qa6 24. Qh5 $18) 24. Qh5 Nf6 25. Bxf6 gxh5 26. Rxa3 $18) 23. dxe6 $6
{Both players have experienced problems with handling their nervous tension.
It seems, that exchange on e6 is helping the defender.} (23. Bc3 Qb5 24. Qg4
Nf8 25. dxe6 Rxe6 26. f5 $11) 23... fxe6 24. Bc3 Qa6 (24... Qb5 25. Qg4 c4 26.
Rf1 $15) 25. Qg4 e5 26. fxe5 (26. f5 Nf8 27. Rf1 (27. f6 Rd7 $17) 27... Qc4 28.
Qh4 Rd6 $15) 26... Nf8 {At this stage Timofeev probably did not feel, that he
has to sacrifice material for the success of his defensive mission.} (26...
Nxe5 27. Qf4 (27. Bxe5 Rxe5 28. Rxh7 Kxh7 29. Qh4+ Kg7 30. Qxd8 Qb7 31. Rd1 Re7
32. e5 Qc7 $17) 27... Rd4 $1 28. Rf1 Qb7 29. Bxd4 cxd4 $15) 27. Rf1 $6 {
Advancing the e-pawn was definitely more dangerous for Black.} (27. e6 $1 Qc4 (
27... Nxe6 $2 28. Rxh7 Kxh7 29. Qh4+ Kg8 30. Qh8+ Kf7 31. Qf6+ Kg8 32. Qxg6+
Kf8 33. Qf6+ Kg8 34. Be5 $16) 28. e7 Rxe7 29. Bf6 Rdd7 30. Bxe7 Rxe7 31. Rf3
Qd4+ 32. Rf2 Rf7 33. Ref1 $17) 27... Qc4 28. e6 (28. Qh4 Rd7 29. Rhf3 (29. e6
Qxe6 30. Rhf3 Qe7 $17) 29... Ne6 $17) 28... Qxe6 29. Qf4 (29. Qg5 Rd7 $17)
29... b5 (29... Rd7 $5 30. Rhf3 Qe7 $17) 30. Qh6 (30. Qc7 Qe7 31. Qxe7 Rxe7 32.
Bf6 Rdd7 33. Bxe7 Rxe7 $15) 30... Re7 $6 {It is difficult to guess why Black
had problems understanding that the best location for the rooks was on the
squares d7 and e8.} (30... Rd7 31. Rhf3 Qe7 32. Rf4 c4 33. Kh1 Ra8 34. h4 b4
35. Bf6 Qe8 36. Be5 Ne6 37. Rf6 Ng7 38. Bd6 Rxd6 39. Rxd6 c3 $15) 31. Bf6 Qxe4
32. Rhf3 (32. Bxe7 Qxe7 33. Re3 Qd7 34. Qg5 Qd6 35. Qh4 c4 36. Qf2 Qd7 37. Qf6
Re8 38. Rxe8 Qxe8 39. Qd6 $11) 32... b4 $2 {[%mdl 256] Even the best defence
is not able to eliminate all the attacking dangers posed by the opponent. In
any case it is important to discover at least the most dangerous ideas and
fight against them with vigour.} (32... Nd7 $1 33. Bxe7 Qxe7 34. Rf7 Qxf7 35.
Rxf7 Kxf7 36. Qxh7+ Kf6 37. Qh4+ g5 38. Qf2+ Ke6 39. Qa2+ Ke7 40. Qe2+ Kf6 41.
Qxb5 $14) 33. Bg5 $1 {The coordination of the white attacking pieces is
suddenly perfect and Timofeev is doomed.} Qd4+ (33... Nd7 34. Re3 $18) 34. Kh1
Qg7 (34... Ree8 35. Rf7 Rc8 36. Be7 $18) 35. Qh4 $1 {Despite the three EXTRA
pawns Black is not able to cope with threats against his pieces as well as
against the king.} (35. Qxg7+ Rxg7 36. Bxd8 Ne6 37. Re3 $18) 35... Rd4 (35...
Ree8 36. Qc4+ Ne6 37. Bxd8 $18) (35... Rdd7 36. Bh6 Qf7 37. Qc4 $18) 36. Rxf8+
$1 Qxf8 37. Rxf8+ Kxf8 38. Bxe7+ Ke8 39. Qe1 1-0

[Event "Malmo"]
[Site "Malmo"]
[Date "1993.??.??"]
[Round "7"]
[White "Petursson, Margeir"]
[Black "Eriksson, Magnus"]
[Result "1-0"]
[WhiteElo "2560"]
[BlackElo "2535"]
[Annotator "Ftacnik,L"]
[PlyCount "51"]
[EventDate "1993.06.??"]
[EventType "tourn"]
[EventRounds "9"]
[EventCountry "SWE"]
[EventCategory "11"]
[SourceTitle "CBM 036"]
[Source "ChessBase"]
[SourceDate "1993.10.01"]
[SourceVersion "1"]
[SourceVersionDate "1993.10.01"]
[SourceQuality "1"]

1. d4 Nf6 2. c4 g6 3. Nc3 d5 4. cxd5 Nxd5 5. e4 Nxc3 6. bxc3 Bg7 7. Nf3 c5 8.
Rb1 O-O 9. Be2 cxd4 10. cxd4 Qa5+ 11. Bd2 Qxa2 12. O-O a5 13. d5 a4 $146 (13...
Qa3 14. Be3 Na6 15. Nd2 b5 16. Bxb5 Nb4 17. Bc5 Rb8 18. Rb3 Qa2 19. Bc4 Qa4 20.
Bxe7 Re8 21. d6 Be6 22. Bxe6 fxe6 23. Nc4 Bf8 24. Bh4 $16 {Petursson,M-Henao,R/
St. Martin op (4)/1993/}) (13... Na6 14. Be3 e6 15. d6 Bd7 16. Bb5 Bxb5 17.
Rxb5 Qc4 18. Qb1 Nb4 19. Rxb7 Na2 20. Rc7 Qa4 21. e5 Nb4 22. Qe4 Qa2 23. h4 Nd5
24. Rc2 $16 {Chernin,A-Adorjan,A/Polanica Zdroj (03)/1992/}) 14. Bb4 a3 (14...
Re8 15. Nd2 Na6 16. Bc4 Nxb4 17. Bxa2 Nxa2 $44) 15. e5 $1 (15. Bxe7 Re8 16. Rc1
Nd7 17. Bc4 Qb2 18. Rc2 Qb6 19. d6 $13) 15... Bf5 (15... Rd8 16. Bxe7 (16. Rc1
Bg4 (16... Na6 17. Bc4 Qb2 18. Bxe7 Re8 19. d6 $16) 17. Bc4 Qb2 18. Bxe7 Re8
19. d6 $16) 16... Rxd5 17. Qc1 Bf5 18. Bc4 Qxb1 19. Qxb1 Bxb1 20. Rxb1 Rd7 $19)
16. Rc1 (16. Ra1 Qb2 17. Bxe7 Re8 18. d6 Nc6 $13) 16... Rc8 (16... Re8 17. Nd4
Bxe5 18. Nxf5 gxf5 19. Rc2 Qxc2 $1 (19... Qb3 20. Rc8 Qxb4 21. Rxe8+ Kg7 22.
Qc1 Qh4 23. g3 Qf6 24. Qc8 $18) 20. Qxc2 a2 21. Qxf5 (21. Bc3 Rc8 22. Ra1 Rxc3
23. Qxf5 Bg7 $17) 21... a1=Q 22. Rxa1 Rxa1+ 23. Bf1 $16) 17. e6 $1 Na6 (17...
Rxc1 18. Qxc1 Qxe2 19. Qc8+ Bf8 20. Ng5 $1 (20. Bxe7 Nc6 21. Qxa8 Nxe7 $13)
20... a2 (20... f6 21. Qe8 $18) 21. exf7+ Kg7 22. Bc3+ Kh6 23. Qxf8+ Kxg5 24.
Qh8 $18) 18. Rxc8+ Rxc8 19. Bxe7 Nb8 (19... fxe6 20. d6 Nc5 21. d7 Nxd7 22.
Qxd7 e5 23. Qb5 $16) 20. Ng5 fxe6 (20... f6 21. d6 Bxe6 22. Nxe6 Qxe6 23. Bf3
Kh8 24. Bxb7 Rc3 25. Re1 Qd7 26. Bd5 $16) 21. d6 h6 (21... e5 22. Bf3 $18) (
21... Qd5 22. Qxd5 exd5 23. Bf3 Rc5 24. d7 Nxd7 25. Bxc5 Nxc5 26. Bxd5+ Kh8 27.
Nf7+ Kg8 28. Re1 Bd4 29. Nd6+ $16) 22. g4 $1 Qd5 (22... Bc2 23. d7 Rd8 24. Qd6
Ba4 25. Bd1 Bb5 26. Bxd8 Nxd7 27. Nxe6 Be5 28. Qe7 $18) 23. gxf5 hxg5 $2 (23...
gxf5 24. Qxd5 exd5 25. Ne6 (25. Bf3 hxg5 26. Bxd5+ Kh8 $13) 25... Bb2 26. Bf3 (
26. Bb5 a2 27. d7 Nxd7 28. Bxd7 Ra8 29. Nc7 a1=Q 30. Rxa1 Rxa1+ 31. Kg2 $16)
26... a2 27. Bxd5 a1=Q 28. Rxa1 Bxa1 29. Nc7+ Kh7 30. Be6 Rg8+ 31. Kf1 $36) 24.
Qxd5 exd5 25. f6 Bh8 26. Bg4 1-0

[Event "Interzonal-16"]
[Site "Biel"]
[Date "1993.??.??"]
[Round "7"]
[White "Xu, Jun"]
[Black "Dvoirys, Semen I"]
[Result "1-0"]
[WhiteElo "2535"]
[BlackElo "2590"]
[Annotator "Ftacnik,L"]
[PlyCount "133"]
[EventDate "1993.07.16"]
[EventType "swiss"]
[EventRounds "13"]
[EventCountry "SUI"]
[SourceTitle "CBM 037"]
[Source "ChessBase"]
[SourceDate "1993.12.01"]
[SourceVersion "1"]
[SourceVersionDate "1993.12.01"]
[SourceQuality "1"]

1. d4 Nf6 2. c4 g6 3. Nc3 d5 4. cxd5 Nxd5 5. e4 Nxc3 6. bxc3 Bg7 7. Bb5+ c6 8.
Ba4 O-O 9. Ne2 c5 10. O-O cxd4 $5 (10... Nc6) 11. cxd4 Nc6 12. Be3 e6 13. Rb1
Na5 14. Bd2 Nc6 15. Bc3 Qh4 16. Qc2 Rd8 17. Rfd1 (17. Bxc6 bxc6 18. Ba5 Ba6 19.
Bxd8 Rxd8 20. Rfd1 Bxe2 21. Qxe2 Bxd4 22. g3 $14) 17... Bd7 18. g3 (18. Rxb7
Rac8 19. d5 Ne5 20. h3 Bxa4 21. Qxa4 exd5) 18... Qe7 19. d5 exd5 (19... Ne5 20.
d6 Qe8 21. Bxd7 $14) 20. Bxg7 Kxg7 21. Rxb7 Ne5 22. Bxd7 Rxd7 23. Rxd7 Qxd7 24.
exd5 (24. Rxd5 Nf3+ 25. Kg2 $1 (25. Kh1 Qg4 26. Nf4 Ng5 27. Qd3 $1 $14) 25...
Ne1+ 26. Kf1 Nxc2 27. Rxd7 $16) 24... Re8 25. Qe4 Qh3 26. Nf4 Qg4 27. Ne6+ Kf6
28. Qxg4 Nxg4 29. Nc5 Rd8 30. d6 Ne5 31. f4 $2 (31. Rc1 $1 g5 (31... Nd7 32.
Nb7 Re8 33. Rc7 Re1+ 34. Kg2 Ke6 35. Nc5+ Kxd6 36. Rxd7+ Kxc5 37. Rxa7 $18) 32.
Nb7 Rd7 33. Rc7 g4 34. Kf1 $16) 31... Nd7 32. Ne4+ Kg7 33. Kf2 h6 34. Ke3 f5
35. Nc3 Kf7 36. Nb5 Rb8 37. Nd4 Rb6 38. Nf3 Rb5 39. Rd2 Ra5 40. Nd4 Ra3+ 41.
Ke2 Ra6 42. Nb5 Ra5 43. Nc7 Rc5 44. Rd3 Rc2+ 45. Rd2 Rc6 46. Rd5 Rc2+ 47. Rd2 (
47. Ke3 Rxa2 48. Re5 Nxe5 49. fxe5 Ra3+ 50. Kd4 Ra4+ 51. Kd5 Ra5+ 52. Kd4 Ra4+
$10) 47... Rc4 48. Nb5 a5 49. Kd3 Rb4 50. Nc7 g5 51. fxg5 hxg5 52. Kc3 Re4 53.
Rd5 Kf6 54. Rxa5 Re2 55. Ra8 Rxh2 56. Re8 f4 57. g4 f3 58. Nd5+ Kf7 59. Re7+
Kg6 60. Kd3 Nc5+ (60... Rxa2 61. Rxd7 f2 62. Ne3 Ra3+ 63. Ke2 Rxe3+ 64. Kxf2
Rd3 65. Ke2 Rd5 66. Ke3 Kf6 67. Ke4 Ke6 68. Re7+ Kxd6 69. Rd7+ Kxd7 70. Kxd5
Ke7 $10) 61. Ke3 f2 $2 (61... Rxa2 62. Kxf3 Ra3+ 63. Re3 Ra6 64. Rc3 Nd7 $10)
62. Ke2 $16 f1=Q+ 63. Kxf1 Rxa2 $2 (63... Rd2 64. Re5 Nd7 65. Ke1 $1 Rd4 66.
Re6+ Kf7 67. Re7+ Kg6 68. Rxd7 Rxd5 69. Re7 $1 Rxd6 70. Re4 $16) 64. d7 Ra8 65.
Re8 Ra1+ 66. Ke2 Ra2+ 67. Kd1 (67. Kd1 Ra1+ 68. Kc2 Nxd7 69. Re6+ Kf7 70. Re7+
Kg6 71. Rxd7 Ra4 72. Ne3 $18) 1-0

[Event "WchT 3rd"]
[Site "Luzern"]
[Date "1993.??.??"]
[Round "6.4"]
[White "Vyzmanavin, Alexey"]
[Black "Vakhidov, Tahir"]
[Result "1/2-1/2"]
[WhiteElo "2605"]
[BlackElo "2470"]
[Annotator "Ftacnik,L"]
[PlyCount "86"]
[EventDate "1993.10.24"]
[EventType "team-tourn"]
[EventRounds "9"]
[EventCountry "SUI"]
[SourceTitle "CBM 038"]
[Source "ChessBase"]
[SourceDate "1994.02.01"]
[SourceVersion "1"]
[SourceVersionDate "1994.02.01"]
[SourceQuality "1"]
[WhiteTeam "Russia"]
[BlackTeam "Uzbekistan"]
[WhiteTeamCountry "RUS"]
[BlackTeamCountry "UZB"]

1. d4 Nf6 2. c4 g6 3. Nc3 d5 4. cxd5 Nxd5 5. e4 Nxc3 6. bxc3 Bg7 7. Bb5+ c6 8.
Ba4 b5 9. Bb3 b4 10. Be3 bxc3 11. Rc1 Nd7 12. Ne2 Ba6 13. e5 e6 (13... O-O 14.
O-O c5 15. e6 fxe6 16. Bxe6+ Kh8 17. d5 $5 {/\ Re1} Ne5 18. Rxc3 Nf3+ 19. gxf3
Bxe2 20. Qxe2 Bxc3 21. Bxc5 $44 {Kiselev,S-Krasenkov,M/Rossia/1992/1-0 (33)}) (
13... Qa5 $1 14. Qc2 (14. Nxc3 Nb6 15. Bd2 Nc4 16. Ne4 Nxd2 17. Qxd2 Qxd2+ 18.
Nxd2 Rd8 19. Rxc6 Bd3 20. Nf3 Be4 21. Rc4 O-O 22. Ke2 Bxf3+ 23. Kxf3 e6 24. Ke4
$16 {Arlandi,E-Sarno,S/Reggio/1992/1-0 (54)}) 14... c5 15. Qe4 O-O 16. Bxf7+
Kh8 $5 17. Nf4 Rxf7 $1 18. Qxa8+ Rf8 19. Qd5 Qb5 $1 $19 {Georgadze,G-Adorjan,A/
Debrecen/1992/0-1 (23)}) (13... Nb6 14. Nxc3 O-O 15. Ne4 Nd5 16. Nc5 Nxe3 17.
fxe3 Kh8 18. Qd2 Bc8 19. Qc3 f6 20. e6 f5 21. Rd1 a5 22. Bc4 Qd6 23. Qd2 a4 24.
O-O $14 {Gleizerov,E-Jasnikowski,Z/Pardubice op (07)/1992/1-0 (55)}) 14. Nxc3 (
14. f4 Qa5 15. Nxc3 O-O 16. Qd2 c5 17. Ne4 Qxd2+ 18. Kxd2 Rfd8 19. Nd6 cxd4 20.
Bxd4 Nb6 21. Ke3 Nc8 22. Nxc8 Bxc8 23. Rc7 a6 24. Rhc1 $16 {Gleizerov,E-Urban,
K/POL-chT Lubniewice/1993/1-0 (38)}) 14... c5 15. f4 O-O (15... cxd4 16. Qxd4
O-O 17. Kf2 (17. Ne4 Bb7 18. Rd1 Qh4+ 19. Bf2 Qg4 20. Bg3 Nxe5 21. Nf2 Nf3+ 22.
gxf3 Qxf3 23. Qd3 Qc6 24. Bc4 $17 {Kishnev,S-Horvath,Jo/SWZ-chI (07)/1992/0-1 
(33)}) 17... Bb7 18. Rhd1 $6 (18. Rhf1 $14) 18... Qh4+ 19. Kg1 Rfd8 20. Qc4 $15
{Kiselev,S-Krasenkov,M/Katowice/1992/}) 16. h4 Qa5 17. Kf2 (17. d5 c4 18. Ba4 (
18. dxe6 Nxe5 19. fxe5 cxb3 $17) 18... Nc5 19. Bxc5 Qxc5 20. d6 Qe3+ 21. Ne2
Rab8 $132) 17... Rad8 18. Ne4 (18. d5 c4 19. Ba4 Nc5 $17) 18... cxd4 19. Bd2 (
19. Bxd4 Nxe5 20. fxe5 Bxe5 21. Rc5 Bxd4+ 22. Qxd4 Qxa2+ 23. Bxa2 Rxd4 $13)
19... Qb6 20. h5 Bb7 21. Ng5 (21. Nd6 Nc5 $1 (21... Ba8 22. hxg6 hxg6 23. Qg4
$40) 22. Nxb7 Nd3+ 23. Kf1 Nxc1 $17) 21... h6 22. hxg6 $1 hxg5 23. Rh8+ $1 (23.
Qh5 fxg6 24. Qxg6 Rde8 $13) 23... Bxh8 (23... Kxh8 24. Qh1+ $18) 24. Qh5 fxg6 (
24... Nf6 25. exf6 d3+ 26. Kg3 gxf4+ 27. Kh2 $18) 25. Qxg6+ Bg7 26. Bxe6+ Qxe6
$8 (26... Kh8 27. Qh5+ $18) 27. Qxe6+ Rf7 28. Rc7 Bc8 (28... Be4 29. Rxd7 Rdxd7
30. Qe8+ Bf8 31. e6 Rxf4+ 32. Bxf4 Re7 33. Qh5 gxf4 34. Qg5+ Rg7 35. Qxf4 $13)
29. Kg1 gxf4 30. Bxf4 Rdf8 31. g3 d3 32. Qd5 Nb6 (32... Nxe5 33. Bxe5 Bxe5 34.
Rxf7 Rxf7 35. Qxe5 Bf5 $14) 33. Qb3 $8 d2 34. Bxd2 Bxe5 35. Rxa7 Bd4+ 36. Kg2
Nd7 37. Rc7 Bb6 38. Rxd7 $1 Bxd7 39. Qxb6 Rf2+ 40. Qxf2 Rxf2+ 41. Kxf2 Kf7 42.
Ke3 Ke6 43. Kd4 Kd6 (43... Kd6 44. Ke4 Kc6 45. Kf4 Kb7 46. g4 Bxg4 $10) 1/2-1/2

[Event "Tilburg"]
[Site "Tilburg"]
[Date "1993.??.??"]
[Round "1"]
[White "Atalik, Suat"]
[Black "Tukmakov, Vladimir B"]
[Result "1-0"]
[WhiteElo "2535"]
[BlackElo "2600"]
[Annotator "Ftacnik,L"]
[PlyCount "80"]
[EventDate "1993.11.??"]
[EventType "k.o."]
[EventRounds "7"]
[EventCountry "NED"]
[SourceTitle "CBM 039"]
[Source "ChessBase"]
[SourceDate "1994.04.01"]
[SourceVersion "1"]
[SourceVersionDate "1994.04.01"]
[SourceQuality "1"]

1. d4 Nf6 2. c4 g6 3. Nc3 d5 4. cxd5 Nxd5 5. e4 Nxc3 6. bxc3 Bg7 7. Bb5+ c6 8.
Ba4 b5 9. Bb3 b4 10. cxb4 $5 $146 Qxd4 11. Qxd4 Bxd4 12. Rb1 Ba6 (12... Bc3+
13. Bd2 Bxd2+ 14. Kxd2 $14) 13. Bb2 Bxb2 14. Rxb2 Nd7 15. f4 (15. Nf3 Rb8)
15... O-O 16. e5 e6 17. Nf3 c5 $6 (17... Rab8 18. Ba4 Bb5 19. Bc2 $14) 18. Rd2
c4 19. Rxd7 cxb3 20. axb3 Rfd8 21. Rc7 Rac8 22. Rxc8 Bxc8 23. Ke2 Ba6+ 24. Kf2
$14 Bb5 25. Rc1 h6 26. Rc3 Rd1 27. g4 Kg7 28. Rc7 Rd3 29. f5 gxf5 30. gxf5 Bd7
31. f6+ Kg6 32. Rc4 Kf5 33. Ke2 Rd5 34. Ke3 Bb5 35. Rh4 Rd3+ 36. Kf2 Kg6 37.
Nd4 Kg5 38. Re4 Bd7 39. h4+ Kh5 40. Ne2 Rd2 1-0

[Event "Tilburg"]
[Site "Tilburg"]
[Date "1993.??.??"]
[Round "2"]
[White "Mozetic, Dejan"]
[Black "Leko, Peter"]
[Result "1-0"]
[WhiteElo "2580"]
[BlackElo "2555"]
[Annotator "Ftacnik,L"]
[PlyCount "71"]
[EventDate "1993.11.??"]
[EventType "k.o."]
[EventRounds "7"]
[EventCountry "NED"]
[SourceTitle "CBM 039"]
[Source "ChessBase"]
[SourceDate "1994.04.01"]
[SourceVersion "1"]
[SourceVersionDate "1994.04.01"]
[SourceQuality "1"]

1. d4 Nf6 2. c4 g6 3. Nc3 d5 4. cxd5 Nxd5 5. e4 Nxc3 6. bxc3 Bg7 7. Nf3 c5 8.
Rb1 O-O 9. Be2 cxd4 10. cxd4 Qa5+ 11. Bd2 Qxa2 12. O-O Bg4 13. Be3 b6 14. Qd3 (
14. Ra1 Qb2 (14... Qe6 15. h3 Bxf3 16. Bxf3 a5 $6 {/\ Na6-b4} 17. e5 Ra7 18.
Qb1 $1 $16 Qd7 19. Qxb6 Ra6 20. Qb2 Qd8 21. Qb5 $1 e6 22. Rfb1 a4 23. Rxa4 Rxa4
24. Qxa4 $18 {Chernin,A-Gorjatschkin,W/Neu Isenburg/1991/1-0 (30)}) 15. h3 Bxf3
16. Bxf3 e5 17. d5 Nd7 18. Qa4 (18. Be2 Qb4 19. Qb1 Qd6 20. Rc1 Nc5 21. Bxc5
bxc5 22. Ra6 Qb8 23. Qa2 Qb4 24. Bc4 $16 {Vera,R-Henao,R/Capablanca mem-A (12)/
1993/1-0 (40)}) 18... Nc5 19. Bxc5 bxc5 20. d6 Qb4 21. Qa6 Qb6 22. Be2 Rfd8 23.
Rfd1 $10 {Gelfand,B-Kamsky,G/Tilburg/1992/}) 14... Bxf3 (14... Rd8 15. Rfc1 Nd7
16. Ra1 Qe6 17. Ng5 $1 Bxe2 18. Qxe2 Qd6 19. Qa2 $1 e6 20. e5 $1 Nxe5 21. dxe5
Bxe5 $44 {Chernin,A-Horvath,Cs/Magyarorszag ch/1992/}) 15. Bxf3 e5 16. Ra1 $1
$146 (16. d5 Qa6 $1 $8 17. Qd2 Nd7 18. Be2 Qa3 19. Bb5 $6 Qd6 20. Qa2 a5 $1 $8
21. Bc6 Rab8 22. Rb5 Rfc8 23. Rfb1 Bf8 {Sakaev,K-Novik,M/Moskva op/1992/0.5 
(24)}) 16... Qe6 17. d5 Qd6 18. Qb5 Nd7 19. Qc6 Qe7 (19... Qxc6 20. dxc6 Nf6
21. c7 h5 22. Rfc1 Nd7 23. Be2 a5 24. Bb5 $16) 20. Bg4 Nc5 21. d6 Qb7 22. Qc7
Qxc7 (22... Rfb8 23. Rfd1 $16) 23. dxc7 Nxe4 24. Rac1 $1 (24. c8=Q Rfxc8 25.
Bxc8 Rxc8 26. Rxa7 $14) 24... f5 25. Be2 Kf7 26. Ba6 Rac8 27. Rfd1 Ke7 28. f3
f4 29. Bxb6 axb6 30. fxe4 Bf6 31. Rc6 Rfe8 32. Rdd6 Rxc7 33. Re6+ Kf7 34. Rxf6+
Kg7 35. Rxg6+ hxg6 36. Rxc7+ 1-0